Enigmas de Londres (Record no. 62103)

MARC details
000 -LÍDER
campo de controle de tamanho fixo 00338 a2200157 4500
001 - NÚMERO DE CONTROLE
campo de controle 62103
020 ## - ISBN - INTERNATIONAL STANDARD BOOK NUMBER
ISBN - International Standard Book Number 9788577342976
040 ## - FONTE DA CATALOGAÇÃO
Instituição que transcreveu o registro Anchieta - Pituba
100 ## - ENTRADA PRINCIPAL--NOME PESSOAL
Nome pessoal Aaronovitch, Ben
240 10 - TÍTULO UNIFORME
Título uniforme Enigmas de Londres
Idioma da obra por
245 10 - TÍTULO
Título Enigmas de Londres
300 ## - DESCRIÇÃO FÍSICA
Extensão 365
362 0# - DATAS DE PUBLICAÇÃO E/OU DESIGNAÇÃO SEQUENCIAL
Datas de publicação e/ou designação sequencial 2012
650 #4 - ASSUNTO--TERMO TÓPICO
Cabeçalho tópico ou nome geográfico Ficção inglesa
942 ## - ELEMENTOS DE ENTRADA ADICIONADOS (KOHA)
Tipo de material Koha Livros
Holdings
Situação do descarte Situação das perdas Situação física Não pode ser emprestado Biblioteca de origem Biblioteca atual Data de aquisição Total de empréstimos Número de chamada completo Código de barras Data de último acesso Data do último empréstimo Data do preço efetivo Tipo de material Koha
        Colégio Anchieta - Pituba Inspira 21/11/2023 1 823 A113e AAR ENI 14567/PIT 21/11/2023 21/11/2023 21/11/2023 Livros